[Event "Russian Rapid Team Championship (w)"]
[Site "Sochi"]
[Date "2022.10.18"]
[Round "1.9"]
[White "Voit, Daria"]
[Black "Diakonova, Ekaterina"]
[Result "1/2-1/2"]
[BlackElo "2122"]
[WhiteElo "2297"]
[LiveChessVersion "1.4.8"]

1. d4 {[%clk 0:15:17]} d5 {[%clk 0:15:19]} 2. c4 {[%clk 0:15:26]} e6
{[%clk 0:15:28]} 3. Nf3 {[%clk 0:15:34]} Nf6 {[%clk 0:15:36]} 4. g3
{[%clk 0:15:43]} Be7 {[%clk 0:15:43]} 5. Bg2 {[%clk 0:15:51]} O-O
{[%clk 0:15:50]} 6. O-O {[%clk 0:15:58]} c6 {[%clk 0:15:59]} 7. Qc2
{[%clk 0:16:05]} b6 {[%clk 0:16:08]} 8. Bf4 {[%clk 0:16:00]} Bb7 {[%clk 0:15:31]}
9. Rd1 {[%clk 0:16:02]} Nbd7 {[%clk 0:15:13]} 10. Nc3 {[%clk 0:16:08]} Rc8
{[%clk 0:15:06]} 11. Ne5 {[%clk 0:16:08]} b5 {[%clk 0:11:37]} 12. cxb5
{[%clk 0:15:11]} cxb5 {[%clk 0:11:44]} 13. Qd3 {[%clk 0:15:15]} b4
{[%clk 0:09:53]} 14. Na4 {[%clk 0:14:55]} Qa5 {[%clk 0:09:58]} 15. b3
{[%clk 0:14:37]} Nxe5 {[%clk 0:07:59]} 16. dxe5 {[%clk 0:13:37]} Nd7
{[%clk 0:07:31]} 17. e4 {[%clk 0:13:38]} Rfd8 {[%clk 0:07:01]} 18. exd5
{[%clk 0:13:41]} Bxd5 {[%clk 0:06:38]} 19. Bxd5 {[%clk 0:13:23]} Nc5
{[%clk 0:06:26]} 20. Qf3 {[%clk 0:10:03]} Nxa4 {[%clk 0:05:00]} 21. Bb7
{[%clk 0:09:40]} Rc3 {[%clk 0:04:50]} 22. Rxd8+ {[%clk 0:08:29]} Qxd8
{[%clk 0:04:42]} 23. Qe4 {[%clk 0:06:53]} Nb6 {[%clk 0:04:16]} 24. Be3
{[%clk 0:06:46]} Bc5 {[%clk 0:02:57]} 25. Bxc5 {[%clk 0:06:45]} Rxc5
{[%clk 0:03:06]} 26. Qxb4 {[%clk 0:06:53]} Rxe5 {[%clk 0:01:17]} 27. Rc1
{[%clk 0:07:01]} h6 {[%clk 0:00:56]} 28. a4 {[%clk 0:07:09]} a5 {[%clk 0:01:04]}
29. Qc3 {[%clk 0:07:10]} Qd6 {[%clk 0:00:37]} 30. Bf3 {[%clk 0:05:17]} Kh7
{[%clk 0:00:38]} 31. Qc6 {[%clk 0:04:30]} Qxc6 {[%clk 0:00:35]} 32. Rxc6
{[%clk 0:04:38]} Nd7 {[%clk 0:00:24]} 33. Rc7 {[%clk 0:04:46]} Nc5
{[%clk 0:00:33]} 34. Rxf7 {[%clk 0:04:35]} Nxb3 {[%clk 0:00:42]} 35. Kg2
{[%clk 0:04:11]} Nd4 {[%clk 0:00:43]} 36. Ba8 {[%clk 0:04:05]} Kg6
{[%clk 0:00:51]} 37. Rd7 {[%clk 0:04:11]} Nb3 {[%clk 0:00:46]} 38. Bc6
{[%clk 0:04:05]} Kf6 {[%clk 0:00:41]} 39. Rb7 {[%clk 0:03:46]} Nd4
{[%clk 0:00:46]} 40. Be8 {[%clk 0:03:54]} Nf5 {[%clk 0:00:25]} 41. h4
{[%clk 0:03:38]} Nd6 {[%clk 0:00:34]} 42. Rb8 {[%clk 0:03:36]} Nxe8
{[%clk 0:00:43]} 43. Rxe8 {[%clk 0:03:45]} Re4 {[%clk 0:00:52]} 44. Rf8+
{[%clk 0:03:48]} Ke7 {[%clk 0:00:47]} 45. Rg8 {[%clk 0:03:44]} Kf7
{[%clk 0:00:56]} 46. Ra8 {[%clk 0:03:52]} Rxa4 {[%clk 0:01:05]} 47. f3
{[%clk 0:03:53]} Ra2+ {[%clk 0:00:27]} 48. Kh3 {[%clk 0:04:00]} a4
{[%clk 0:00:36]} 49. h5 {[%clk 0:04:02]} Kf6 {[%clk 0:00:34]} 50. Kg4
{[%clk 0:04:06]} Ke5 {[%clk 0:00:44]} 51. Ra7 {[%clk 0:04:10]} a3
{[%clk 0:00:30]} 52. Rxg7 {[%clk 0:04:15]} Rh2 {[%clk 0:00:39]} 53. Ra7
{[%clk 0:04:13]} a2 {[%clk 0:00:48]} 54. Ra4 {[%clk 0:04:11]} Kd5
{[%clk 0:00:48]} 55. Kf4 {[%clk 0:04:17]} Kc5 {[%clk 0:00:53]} 56. g4
{[%clk 0:04:24]} Kb5 {[%clk 0:01:00]} 57. Ra8 {[%clk 0:04:29]} Kb4
{[%clk 0:01:09]} 58. Ke5 {[%clk 0:04:30]} Re2+ {[%clk 0:01:18]} 59. Kf6
{[%clk 0:04:38]} Kb3 {[%clk 0:01:20]} 60. g5 {[%clk 0:04:35]} hxg5
{[%clk 0:01:26]} 61. Kxg5 {[%clk 0:03:59]} Re5+ {[%clk 0:01:19]} 62. Kg4
{[%clk 0:02:11]} Rb5 {[%clk 0:00:37]} 63. f4 {[%clk 0:01:58]} e5 {[%clk 0:00:31]}
64. Rxa2 {[%clk 0:02:00]} Kxa2 {[%clk 0:00:40]} 65. fxe5 {[%clk 0:02:09]} Rxe5
{[%clk 0:00:49]} 66. h6 {[%clk 0:02:17]} Kb3 {[%clk 0:00:54]} 67. h7
{[%clk 0:02:26]} Re8 {[%clk 0:01:03]} 68. Kg5 {[%clk 0:02:35]} Kc4
{[%clk 0:01:11]} 69. Kg6 {[%clk 0:02:44]} Kd5 {[%clk 0:01:21]} 70. Kg7
{[%clk 0:02:53]} Re7+ {[%clk 0:01:28]} 71. Kg6 {[%clk 0:03:01]} Re8
{[%clk 0:01:36]} 72. Kg7 {[%clk 0:03:09]} Ke5 1/2-1/2

[Event "Russian Rapid Team Championship (w)"]
[Site "Sochi"]
[Date "2022.10.18"]
[Round "1.10"]
[White "Dimitrova, Aleksandra"]
[Black "Kovalevskaya, Ekaterina"]
[Result "0-1"]
[BlackElo "2257"]
[WhiteElo "2090"]
[LiveChessVersion "1.4.8"]

1. e4 {[%clk 0:15:18]} e5 {[%clk 0:15:18]} 2. Nf3 {[%clk 0:15:26]} Nc6
{[%clk 0:15:25]} 3. Bb5 {[%clk 0:15:35]} a6 {[%clk 0:15:30]} 4. Ba4
{[%clk 0:15:43]} d6 {[%clk 0:15:32]} 5. c4 {[%clk 0:15:44]} Nge7 {[%clk 0:14:49]}
6. h3 {[%clk 0:15:36]} Ng6 {[%clk 0:14:47]} 7. d4 {[%clk 0:15:18]} Bd7
{[%clk 0:13:33]} 8. d5 {[%clk 0:13:28]} Nb8 {[%clk 0:13:00]} 9. Bxd7+
{[%clk 0:13:28]} Nxd7 {[%clk 0:13:07]} 10. Nc3 {[%clk 0:12:36]} Be7
{[%clk 0:12:53]} 11. O-O {[%clk 0:11:41]} O-O {[%clk 0:12:37]} 12. Be3
{[%clk 0:11:21]} Nh4 {[%clk 0:09:34]} 13. Nxh4 {[%clk 0:11:15]} Bxh4
{[%clk 0:09:42]} 14. Qd2 {[%clk 0:10:36]} h6 {[%clk 0:09:16]} 15. b4
{[%clk 0:10:01]} Bg5 {[%clk 0:09:08]} 16. Bxg5 {[%clk 0:10:02]} hxg5
{[%clk 0:08:56]} 17. Rfc1 {[%clk 0:09:45]} g6 {[%clk 0:08:42]} 18. Ne2
{[%clk 0:08:20]} b6 {[%clk 0:07:07]} 19. a3 {[%clk 0:07:57]} Kg7 {[%clk 0:07:14]}
20. Rc3 {[%clk 0:07:59]} Rh8 {[%clk 0:06:11]} 21. Rg3 {[%clk 0:07:45]} Rh5
{[%clk 0:04:23]} 22. Rc1 {[%clk 0:06:39]} a5 {[%clk 0:03:59]} 23. Qb2
{[%clk 0:04:48]} Rh4 {[%clk 0:02:32]} 24. Rg4 {[%clk 0:03:48]} Rh8
{[%clk 0:01:52]} 25. Ng3 {[%clk 0:01:58]} axb4 {[%clk 0:01:45]} 26. axb4
{[%clk 0:02:07]} Rh4 {[%clk 0:01:10]} 27. Qd2 {[%clk 0:01:36]} Rxg4
{[%clk 0:00:39]} 28. hxg4 {[%clk 0:01:45]} Ra4 {[%clk 0:00:30]} 29. Ne2
{[%clk 0:01:40]} Qa8 {[%clk 0:00:28]} 30. Qxg5 {[%clk 0:01:42]} Rxb4
{[%clk 0:00:32]} 31. Qe7 {[%clk 0:01:25]} Nf6 {[%clk 0:00:26]} 32. g5
{[%clk 0:00:47]} Nxe4 {[%clk 0:00:35]} 33. Ng3 {[%clk 0:00:43]} Nxg3
{[%clk 0:00:41]} 34. fxg3 {[%clk 0:00:49]} Rb2 {[%clk 0:00:25]} 35. Rf1
{[%clk 0:00:51]} Qf8 {[%clk 0:00:34]} 36. Qxc7 {[%clk 0:00:58]} Rc2
{[%clk 0:00:37]} 37. Qxb6 {[%clk 0:00:56]} Rxc4 {[%clk 0:00:45]} 38. Qa7
{[%clk 0:00:48]} Rg4 {[%clk 0:00:47]} 39. Qf2 {[%clk 0:00:41]} Qe7
{[%clk 0:00:50]} 40. Qf6+ {[%clk 0:00:38]} Qxf6 {[%clk 0:00:59]} 41. Rxf6
{[%clk 0:00:26]} Rxg5 {[%clk 0:01:03]} 42. Rxd6 {[%clk 0:00:34]} Rxg3
{[%clk 0:01:12]} 43. Kf2 {[%clk 0:00:35]} Rd3 {[%clk 0:01:18]} 44. Ke2
{[%clk 0:00:39]} Rd4 {[%clk 0:01:26]} 45. Ke3 {[%clk 0:00:42]} f6
{[%clk 0:01:23]} 46. g3 {[%clk 0:00:38]} g5 {[%clk 0:01:27]} 47. Kf3
{[%clk 0:00:40]} g4+ {[%clk 0:01:28]} 48. Ke3 {[%clk 0:00:47]} Kg6
{[%clk 0:01:37]} 49. Rd7 {[%clk 0:00:36]} Kf5 {[%clk 0:01:43]} 50. Rd8
{[%clk 0:00:43]} Re4+ {[%clk 0:01:28]} 51. Kf2 {[%clk 0:00:46]} Ra4
{[%clk 0:01:35]} 52. d6 {[%clk 0:00:33]} Rd4 {[%clk 0:01:15]} 53. Ke3
{[%clk 0:00:29]} Ke6 {[%clk 0:00:38]} 54. Rg8 {[%clk 0:00:38]} Kxd6
{[%clk 0:00:24]} 55. Rd8+ {[%clk 0:00:47]} Ke6 {[%clk 0:00:27]} 56. Rxd4
{[%clk 0:00:45]} exd4+ {[%clk 0:00:35]} 57. Kxd4 {[%clk 0:00:53]} f5
{[%clk 0:00:40]} 58. Kd3 {[%clk 0:00:22]} Kd5 {[%clk 0:00:48]} 59. Ke3
{[%clk 0:00:25]} Ke5 {[%clk 0:00:57]} 60. Kd3 {[%clk 0:00:24]} f4
{[%clk 0:00:54]} 61. Ke2 {[%clk 0:00:23]} f3+ {[%clk 0:00:21]} 62. Ke3
{[%clk 0:00:30]} Kd5 {[%clk 0:00:28]} 63. Kd3 {[%clk 0:00:38]} Kc5
{[%clk 0:00:37]} 64. Ke3 {[%clk 0:00:43]} Kc4 {[%clk 0:00:46]} 65. Kf2
{[%clk 0:00:47]} Kd3 {[%clk 0:00:54]} 66. Kf1 {[%clk 0:00:52]} Ke3
{[%clk 0:00:38]} 67. Ke1 {[%clk 0:00:57]} Kd3 {[%clk 0:00:30]} 68. Kf1
{[%clk 0:01:05]} Kd4 {[%clk 0:00:36]} 69. Kf2 {[%clk 0:01:09]} Ke4
{[%clk 0:00:45]} 70. Kf1 {[%clk 0:01:18]} Ke3 {[%clk 0:00:53]} 71. Ke1
{[%clk 0:01:26]} f2+ {[%clk 0:00:44]} 72. Kf1 {[%clk 0:01:33]} Kd3
{[%clk 0:00:45]} 73. Kxf2 {[%clk 0:01:39]} Kd2 {[%clk 0:00:54]} 74. Kf1
{[%clk 0:01:21]} Ke3 {[%clk 0:01:03]} 75. Kg2 {[%clk 0:01:26]} Ke2
{[%clk 0:01:11]} 76. Kg1 {[%clk 0:01:30]} Kf3 {[%clk 0:01:19]} 77. Kh2
{[%clk 0:01:40]} Kf2 {[%clk 0:01:28]} 78. Kh1 {[%clk 0:01:49]} Kxg3
{[%clk 0:01:36]} 79. Kg1 {[%clk 0:01:58]} Kh3 {[%clk 0:01:41]} 80. Kh1
{[%clk 0:02:07]} g3 {[%clk 0:01:49]} 0-1

[Event "Russian Rapid Team Championship (w)"]
[Site "Sochi"]
[Date "2022.10.18"]
[Round "1.11"]
[White "Bivol, Alina"]
[Black "Stepanyan, Eva"]
[Result "0-1"]
[BlackElo "1936"]
[WhiteElo "2264"]
[LiveChessVersion "1.4.8"]

1. e4 {[%clk 0:15:16]} c6 {[%clk 0:15:19]} 2. d4 {[%clk 0:15:19]} d5
{[%clk 0:15:28]} 3. exd5 {[%clk 0:15:10]} cxd5 {[%clk 0:15:36]} 4. Bd3
{[%clk 0:15:18]} Nc6 {[%clk 0:15:43]} 5. c3 {[%clk 0:15:27]} Qc7 {[%clk 0:15:26]}
6. Ne2 {[%clk 0:15:29]} Bg4 {[%clk 0:15:25]} 7. O-O {[%clk 0:15:36]} Nf6
{[%clk 0:15:24]} 8. Qe1 {[%clk 0:15:26]} e6 {[%clk 0:14:38]} 9. f3
{[%clk 0:14:34]} Bh5 {[%clk 0:14:39]} 10. Qh4 {[%clk 0:14:20]} Bd6
{[%clk 0:12:49]} 11. Bg5 {[%clk 0:12:15]} Bg6 {[%clk 0:09:15]} 12. Bxg6
{[%clk 0:12:22]} fxg6 {[%clk 0:09:17]} 13. Bxf6 {[%clk 0:12:30]} gxf6
{[%clk 0:09:25]} 14. Qxf6 {[%clk 0:12:36]} Kd7 {[%clk 0:08:56]} 15. Qh4
{[%clk 0:12:44]} Ne7 {[%clk 0:07:27]} 16. Nd2 {[%clk 0:11:57]} Nf5
{[%clk 0:07:24]} 17. Qh3 {[%clk 0:12:05]} g5 {[%clk 0:06:39]} 18. c4
{[%clk 0:04:22]} dxc4 {[%clk 0:06:16]} 19. d5 {[%clk 0:03:56]} Qc5+
{[%clk 0:04:42]} 20. Kh1 {[%clk 0:04:03]} Qxd5 {[%clk 0:03:52]} 21. Ne4
{[%clk 0:04:08]} Qe5 {[%clk 0:03:39]} 22. Nxd6 {[%clk 0:03:05]} Nxd6
{[%clk 0:03:41]} 23. Rfe1 {[%clk 0:02:53]} Rae8 {[%clk 0:03:29]} 24. Rad1
{[%clk 0:02:43]} Qf5 {[%clk 0:02:48]} 25. Qg3 {[%clk 0:02:52]} e5
{[%clk 0:02:53]} 26. Nc3 {[%clk 0:03:00]} Kc6 {[%clk 0:02:42]} 27. Rd5
{[%clk 0:02:33]} Qf4 {[%clk 0:02:23]} 28. Qf2 {[%clk 0:02:38]} b6
{[%clk 0:02:24]} 29. Qc2 {[%clk 0:01:41]} b5 {[%clk 0:02:17]} 30. Qf2
{[%clk 0:01:01]} Nb7 {[%clk 0:00:49]} 31. Rxb5 {[%clk 0:01:09]} Qd4
{[%clk 0:00:49]} 32. Qc2 {[%clk 0:01:19]} Nc5 {[%clk 0:00:48]} 33. h3
{[%clk 0:00:38]} a6 {[%clk 0:00:41]} 34. Rb4 {[%clk 0:00:35]} Rb8
{[%clk 0:00:35]} 35. Rxb8 {[%clk 0:00:40]} Rxb8 {[%clk 0:00:44]} 36. Qxh7
{[%clk 0:00:29]} Rxb2 {[%clk 0:00:51]} 37. Qg6+ {[%clk 0:00:36]} Kb7
{[%clk 0:00:42]} 38. Qg7+ {[%clk 0:00:34]} Kb6 {[%clk 0:00:33]} 39. Qxe5
{[%clk 0:00:26]} Qxe5 {[%clk 0:00:28]} 40. Rxe5 {[%clk 0:00:35]} Rc2
{[%clk 0:00:30]} 41. Nd5+ {[%clk 0:00:44]} Kb5 {[%clk 0:00:32]} 42. Rxg5
{[%clk 0:00:32]} c3 {[%clk 0:00:40]} 43. Kh2 {[%clk 0:00:38]} Rc1
{[%clk 0:00:43]} 44. Nf4 {[%clk 0:00:40]} Rd1 {[%clk 0:00:34]} 45. Ne6
{[%clk 0:00:44]} Kb4 {[%clk 0:00:36]} 46. Nxc5 {[%clk 0:00:31]} c2
{[%clk 0:00:33]} 47. Nb3 {[%clk 0:00:40]} Rd3 {[%clk 0:00:26]} 48. Rg4+
{[%clk 0:00:26]} Kc3 {[%clk 0:00:27]} 49. Rg6 {[%clk 0:00:24]} Kb2
{[%clk 0:00:25]} 50. Rc6 {[%clk 0:00:20]} a5 {[%clk 0:00:28]} 51. Nc5
{[%clk 0:00:23]} Ra3 {[%clk 0:00:19]} 52. Ne4 {[%clk 0:00:11]} c1=Q
{[%clk 0:00:17]} 53. Rxc1 {[%clk 0:00:19]} Kxc1 {[%clk 0:00:26]} 54. h4
{[%clk 0:00:28]} Rxa2 {[%clk 0:00:28]} 55. Nd6 {[%clk 0:00:19]} Rc2
{[%clk 0:00:37]} 56. Nb5 {[%clk 0:00:24]} Rc5 {[%clk 0:00:44]} 57. Nd4
{[%clk 0:00:33]} Rh5 {[%clk 0:00:52]} 58. Kg3 {[%clk 0:00:42]} a4
{[%clk 0:00:55]} 59. Kf4 {[%clk 0:00:44]} Rd5 {[%clk 0:01:02]} 60. Nc6
{[%clk 0:00:24]} a3 {[%clk 0:01:04]} 61. Ke4 {[%clk 0:00:31]} Rb5
{[%clk 0:01:04]} 62. Nd4 {[%clk 0:00:33]} Rb4 {[%clk 0:01:09]} 0-1

[Event "Russian Rapid Team Championship (w)"]
[Site "Sochi"]
[Date "2022.10.18"]
[Round "1.12"]
[White "Ivanova, Anastasia S."]
[Black "Borisova, Ekaterina"]
[Result "0-1"]
[BlackElo "2150"]
[WhiteElo "1902"]
[LiveChessVersion "1.4.8"]

1. d4 {[%clk 0:15:19]} Nf6 {[%clk 0:15:19]} 2. c4 {[%clk 0:15:28]} g6
{[%clk 0:15:28]} 3. Nc3 {[%clk 0:15:36]} d5 {[%clk 0:15:33]} 4. cxd5
{[%clk 0:15:45]} Nxd5 {[%clk 0:15:42]} 5. e4 {[%clk 0:15:54]} Nxc3
{[%clk 0:15:49]} 6. bxc3 {[%clk 0:16:03]} Bg7 {[%clk 0:15:58]} 7. Be3
{[%clk 0:16:11]} O-O {[%clk 0:16:05]} 8. Bc4 {[%clk 0:16:19]} c5 {[%clk 0:16:12]}
9. Ne2 {[%clk 0:16:28]} Nc6 {[%clk 0:16:20]} 10. Qd2 {[%clk 0:16:37]} b6
{[%clk 0:16:16]} 11. O-O {[%clk 0:16:41]} Bb7 {[%clk 0:16:24]} 12. f3
{[%clk 0:16:46]} Rc8 {[%clk 0:16:24]} 13. Bb3 {[%clk 0:16:46]} e6
{[%clk 0:16:31]} 14. Rfd1 {[%clk 0:16:35]} Qe7 {[%clk 0:16:27]} 15. Bg5
{[%clk 0:16:14]} Qc7 {[%clk 0:16:24]} 16. Bh6 {[%clk 0:15:31]} Na5
{[%clk 0:16:27]} 17. Bxg7 {[%clk 0:15:26]} Kxg7 {[%clk 0:16:34]} 18. Rac1
{[%clk 0:15:15]} Rfd8 {[%clk 0:16:37]} 19. Qe3 {[%clk 0:14:44]} Ba6
{[%clk 0:16:31]} 20. Ng3 {[%clk 0:14:05]} h6 {[%clk 0:16:08]} 21. d5
{[%clk 0:12:54]} c4 {[%clk 0:16:02]} 22. Bc2 {[%clk 0:13:02]} exd5
{[%clk 0:15:54]} 23. Qd4+ {[%clk 0:12:17]} Kg8 {[%clk 0:15:51]} 24. exd5
{[%clk 0:12:24]} Qc5 {[%clk 0:15:57]} 25. Ne4 {[%clk 0:12:13]} Qxd4+
{[%clk 0:16:05]} 26. Rxd4 {[%clk 0:12:21]} f5 {[%clk 0:15:48]} 27. Nf2
{[%clk 0:11:16]} Rc5 {[%clk 0:15:39]} 28. Rcd1 {[%clk 0:11:13]} Nb7
{[%clk 0:15:19]} 29. Nh3 {[%clk 0:10:58]} Ra5 {[%clk 0:15:05]} 30. Bb1
{[%clk 0:10:58]} Nd6 {[%clk 0:14:57]} 31. Nf4 {[%clk 0:10:19]} Kf7
{[%clk 0:15:05]} 32. g4 {[%clk 0:10:00]} Ra3 {[%clk 0:14:40]} 33. Rc1
{[%clk 0:09:36]} Re8 {[%clk 0:14:37]} 34. Kf2 {[%clk 0:09:32]} Bc8
{[%clk 0:14:25]} 35. gxf5 {[%clk 0:09:27]} Bxf5 {[%clk 0:14:14]} 36. Bxf5
{[%clk 0:08:47]} gxf5 {[%clk 0:14:09]} 37. Rc2 {[%clk 0:08:37]} b5
{[%clk 0:14:17]} 38. Ne6 {[%clk 0:08:36]} Kf6 {[%clk 0:13:24]} 39. Rh4
{[%clk 0:05:08]} Rh8 {[%clk 0:13:32]} 40. Rd4 {[%clk 0:04:32]} a5
{[%clk 0:10:40]} 41. Rd1 {[%clk 0:03:44]} Rg8 {[%clk 0:09:58]} 42. Nd4
{[%clk 0:03:37]} b4 {[%clk 0:09:41]} 43. cxb4 {[%clk 0:03:45]} axb4
{[%clk 0:09:49]} 44. Re1 {[%clk 0:02:50]} Kf7 {[%clk 0:08:14]} 45. Re6
{[%clk 0:02:48]} Rg6 {[%clk 0:08:18]} 46. Rb2 {[%clk 0:01:22]} Rd3
{[%clk 0:07:43]} 47. Ne2 {[%clk 0:01:27]} Rxe6 {[%clk 0:06:48]} 48. dxe6+
{[%clk 0:01:35]} Ke7 {[%clk 0:06:53]} 49. Nf4 {[%clk 0:00:48]} Rd4
{[%clk 0:06:31]} 50. Ke3 {[%clk 0:00:28]} c3 {[%clk 0:06:35]} 51. Rc2
{[%clk 0:00:22]} Rd1 {[%clk 0:06:18]} 52. Ke2 {[%clk 0:00:18]} Rb1
{[%clk 0:06:23]} 53. Kd3 {[%clk 0:00:25]} Nb5 {[%clk 0:05:20]} 54. Re2
{[%clk 0:00:27]} Rd1+ {[%clk 0:05:29]} 55. Kc4 {[%clk 0:00:17]} Na3+
{[%clk 0:05:28]} 56. Kxb4 {[%clk 0:00:16]} c2 {[%clk 0:05:33]} 57. Ng6+
{[%clk 0:00:22]} Ke8 {[%clk 0:05:42]} 58. Rxc2 {[%clk 0:00:14]} Nxc2+
{[%clk 0:05:50]} 59. Kb3 {[%clk 0:00:21]} Nd4+ {[%clk 0:05:59]} 60. Kc4
{[%clk 0:00:28]} Nxe6 {[%clk 0:06:07]} 61. a4 {[%clk 0:00:37]} Ra1
{[%clk 0:06:12]} 62. Kb5 {[%clk 0:00:42]} Nd4+ {[%clk 0:06:14]} 63. Kb4
{[%clk 0:00:51]} Rb1+ {[%clk 0:06:05]} 64. Kc5 {[%clk 0:00:58]} Nb3+
{[%clk 0:06:07]} 65. Kd5 {[%clk 0:00:54]} Kf7 {[%clk 0:06:10]} 66. Ne5+
{[%clk 0:01:03]} Kf6 {[%clk 0:06:19]} 67. Nd7+ {[%clk 0:01:11]} Kg5
{[%clk 0:06:27]} 68. Ke5 {[%clk 0:00:49]} Re1+ {[%clk 0:06:30]} 69. Kd5
{[%clk 0:00:57]} Kf4 {[%clk 0:06:25]} 70. Kc4 {[%clk 0:01:06]} Nd2+
{[%clk 0:06:30]} 71. Kb5 {[%clk 0:01:15]} Rb1+ {[%clk 0:06:38]} 72. Kc6
{[%clk 0:01:22]} Nc4 {[%clk 0:06:37]} 73. Kd5 {[%clk 0:01:30]} Nb6+
{[%clk 0:06:45]} 74. Nxb6 {[%clk 0:01:37]} Rxb6 {[%clk 0:06:53]} 75. Ke5+ Kxe5
0-1

[Event "Russian Rapid Team Championship (w)"]
[Site "Sochi"]
[Date "2022.10.18"]
[Round "2.1"]
[White "Maletina, Tatiana"]
[Black "Shuvalova, Polina"]
[Result "0-1"]
[BlackElo "2392"]
[WhiteElo "2116"]
[LiveChessVersion "1.4.8"]

1. d4 {[%clk 0:15:19]} Nf6 {[%clk 0:15:19]} 2. Bg5 {[%clk 0:15:18]} d5
{[%clk 0:15:23]} 3. Bxf6 {[%clk 0:15:26]} gxf6 {[%clk 0:15:31]} 4. e3
{[%clk 0:15:35]} c5 {[%clk 0:15:33]} 5. Nc3 {[%clk 0:15:41]} Nc6 {[%clk 0:15:23]}
6. Qh5 {[%clk 0:15:49]} e6 {[%clk 0:14:56]} 7. O-O-O {[%clk 0:15:52]} cxd4
{[%clk 0:14:58]} 8. exd4 {[%clk 0:16:01]} Qd6 {[%clk 0:12:54]} 9. g3
{[%clk 0:14:12]} Bd7 {[%clk 0:12:44]} 10. f4 {[%clk 0:14:06]} a6 {[%clk 0:11:29]}
11. Bg2 {[%clk 0:12:35]} Be7 {[%clk 0:10:46]} 12. f5 {[%clk 0:11:17]} O-O-O
{[%clk 0:09:28]} 13. Qxf7 {[%clk 0:10:42]} Rdg8 {[%clk 0:06:45]} 14. Qh5
{[%clk 0:04:59]} Rg5 {[%clk 0:06:52]} 15. Qe2 {[%clk 0:05:07]} Rxf5
{[%clk 0:06:59]} 16. Nf3 {[%clk 0:05:16]} Rg8 {[%clk 0:05:41]} 17. Rhe1
{[%clk 0:05:21]} Rh5 {[%clk 0:05:45]} 18. Kb1 {[%clk 0:04:35]} Bd8
{[%clk 0:05:28]} 19. Na4 {[%clk 0:03:50]} Rh6 {[%clk 0:01:47]} 20. Nc5
{[%clk 0:03:50]} f5 {[%clk 0:01:55]} 21. Qd2 {[%clk 0:02:21]} Rhg6
{[%clk 0:01:52]} 22. Bf1 {[%clk 0:02:29]} Kb8 {[%clk 0:01:48]} 23. Re3
{[%clk 0:02:04]} Bc8 {[%clk 0:01:44]} 24. Rb3 {[%clk 0:01:53]} Ka7
{[%clk 0:01:52]} 25. Qf2 {[%clk 0:01:35]} f4 {[%clk 0:01:53]} 26. Ne5
{[%clk 0:01:42]} fxg3 {[%clk 0:01:47]} 27. hxg3 {[%clk 0:01:50]} R6g7
{[%clk 0:01:21]} 28. Nxc6+ {[%clk 0:00:58]} Qxc6 {[%clk 0:01:29]} 29. Be2
{[%clk 0:00:46]} Bb6 {[%clk 0:01:23]} 30. Nd3 {[%clk 0:00:42]} Qc7
{[%clk 0:01:11]} 31. g4 {[%clk 0:00:50]} Bd7 {[%clk 0:01:04]} 32. Nc5
{[%clk 0:00:40]} Bc8 {[%clk 0:00:54]} 33. Qe3 {[%clk 0:00:45]} Qd6
{[%clk 0:00:34]} 34. Nd3 {[%clk 0:00:45]} Bd7 {[%clk 0:00:25]} 35. Ne5
{[%clk 0:00:52]} Ba4 {[%clk 0:00:31]} 36. Ra3 {[%clk 0:00:50]} Be8
{[%clk 0:00:34]} 37. Rb3 {[%clk 0:00:33]} Rc7 {[%clk 0:00:37]} 38. Ra3
{[%clk 0:00:33]} Kb8 {[%clk 0:00:24]} 39. Bd3 {[%clk 0:00:41]} Ka7
{[%clk 0:00:23]} 40. Be2 {[%clk 0:00:20]} Bg6 {[%clk 0:00:30]} 41. Bd3
{[%clk 0:00:25]} Bxd3 {[%clk 0:00:34]} 42. Qxd3 {[%clk 0:00:33]} Rgc8
{[%clk 0:00:39]} 43. c3 {[%clk 0:00:39]} Rf8 {[%clk 0:00:43]} 44. Rb3
{[%clk 0:00:44]} Rfc8 {[%clk 0:00:33]} 45. Rh1 {[%clk 0:00:44]} Qe7
{[%clk 0:00:30]} 46. Qe3 {[%clk 0:00:17]} Qf6 {[%clk 0:00:33]} 47. a4
{[%clk 0:00:26]} Rg7 {[%clk 0:00:36]} 48. Ra3 {[%clk 0:00:12]} Rf8
{[%clk 0:00:40]} 49. Ka2 {[%clk 0:00:20]} Bc7 {[%clk 0:00:38]} 50. Rh6
{[%clk 0:00:24]} Qe7 {[%clk 0:00:36]} 51. Rb3 {[%clk 0:00:33]} Rf6
{[%clk 0:00:40]} 52. Rxf6 {[%clk 0:00:25]} Qxf6 {[%clk 0:00:49]} 53. Nd3
{[%clk 0:00:34]} Bd6 {[%clk 0:00:38]} 54. Qe2 {[%clk 0:00:38]} Qg6
{[%clk 0:00:41]} 55. Nc5 {[%clk 0:00:44]} Bxc5 {[%clk 0:00:45]} 56. dxc5
{[%clk 0:00:53]} Qxg4 {[%clk 0:00:53]} 57. Qf2 {[%clk 0:00:57]} Qxa4+
{[%clk 0:01:00]} 58. Ra3 {[%clk 0:01:04]} Qc4+ {[%clk 0:01:04]} 59. b3
{[%clk 0:01:09]} Qxc3 {[%clk 0:00:58]} 60. c6+ {[%clk 0:01:18]} d4
{[%clk 0:01:03]} 61. cxb7 {[%clk 0:01:06]} Rxb7 {[%clk 0:01:07]} 62. Qe2
{[%clk 0:01:15]} Rb6 {[%clk 0:01:09]} 63. Qe5 {[%clk 0:01:10]} Rc6
{[%clk 0:00:56]} 64. Ra5 {[%clk 0:00:27]} Qc2+ {[%clk 0:00:43]} 65. Ka3
{[%clk 0:00:36]} Qc1+ {[%clk 0:00:47]} 66. Ka4 {[%clk 0:00:36]} Qa1+
{[%clk 0:00:55]} 67. Kb4 {[%clk 0:00:43]} Rb6+ {[%clk 0:00:58]} 0-1

[Event "Russian Rapid Team Championship (w)"]
[Site "Sochi"]
[Date "2022.10.18"]
[Round "2.2"]
[White "Gunina, Valentina"]
[Black "Kharashuta, Ekaterina"]
[Result "1-0"]
[BlackElo "2241"]
[WhiteElo "2421"]
[LiveChessVersion "1.4.8"]

1. d4 {[%clk 0:15:17]} d6 {[%clk 0:15:19]} 2. Nf3 {[%clk 0:15:23]} Nf6
{[%clk 0:15:28]} 3. c4 {[%clk 0:15:31]} g6 {[%clk 0:15:36]} 4. Nc3
{[%clk 0:15:40]} Bf5 {[%clk 0:15:44]} 5. h3 {[%clk 0:15:24]} Bg7 {[%clk 0:15:47]}
6. Qb3 {[%clk 0:15:32]} b6 {[%clk 0:15:50]} 7. g4 {[%clk 0:15:35]} Bc8
{[%clk 0:15:58]} 8. e4 {[%clk 0:15:20]} Bb7 {[%clk 0:15:43]} 9. Qc2
{[%clk 0:15:28]} e5 {[%clk 0:14:01]} 10. dxe5 {[%clk 0:15:05]} dxe5
{[%clk 0:14:05]} 11. Bg5 {[%clk 0:15:13]} h6 {[%clk 0:13:35]} 12. Bh4
{[%clk 0:15:20]} O-O {[%clk 0:11:37]} 13. Rd1 {[%clk 0:15:28]} Qe8
{[%clk 0:11:02]} 14. g5 {[%clk 0:15:07]} hxg5 {[%clk 0:10:55]} 15. Bxg5
{[%clk 0:15:16]} Nc6 {[%clk 0:09:18]} 16. Bxf6 {[%clk 0:15:12]} Bxf6
{[%clk 0:09:18]} 17. Nd5 {[%clk 0:15:21]} Bd8 {[%clk 0:08:23]} 18. h4
{[%clk 0:15:26]} Nd4 {[%clk 0:08:24]} 19. Nxd4 {[%clk 0:15:14]} exd4
{[%clk 0:08:18]} 20. Rxd4 {[%clk 0:14:05]} c6 {[%clk 0:08:03]} 21. Ne3
{[%clk 0:14:12]} c5 {[%clk 0:08:09]} 22. Rd5 {[%clk 0:13:58]} Bxd5
{[%clk 0:07:48]} 23. Nxd5 {[%clk 0:14:03]} Qe5 {[%clk 0:07:16]} 24. f4
{[%clk 0:13:46]} Qd4 {[%clk 0:06:48]} 25. h5 {[%clk 0:13:50]} b5 {[%clk 0:04:06]}
26. hxg6 {[%clk 0:13:31]} Ba5+ {[%clk 0:03:55]} 27. Ke2 {[%clk 0:11:13]} fxg6
{[%clk 0:02:58]} 28. e5 {[%clk 0:11:16]} Qxc4+ {[%clk 0:02:24]} 29. Qxc4
{[%clk 0:11:25]} bxc4 {[%clk 0:02:33]} 30. Rg1 {[%clk 0:11:20]} Kf7
{[%clk 0:02:35]} 31. Ke3 {[%clk 0:11:27]} Rab8 {[%clk 0:02:01]} 32. Bxc4
{[%clk 0:11:33]} Rxb2 {[%clk 0:02:03]} 33. f5 {[%clk 0:11:35]} g5
{[%clk 0:01:40]} 34. e6+ {[%clk 0:11:24]} Ke8 {[%clk 0:01:38]} 35. f6
{[%clk 0:11:16]} Bd2+ {[%clk 0:00:52]} 36. Ke4 {[%clk 0:11:22]} Rxf6
{[%clk 0:00:52]} 37. Nxf6+ {[%clk 0:11:30]} Ke7 {[%clk 0:00:46]} 38. Ng8+
{[%clk 0:11:31]} Ke8 {[%clk 0:00:55]} 39. Rh1 {[%clk 0:11:24]} Rb4
{[%clk 0:00:48]} 40. Kd3 {[%clk 0:11:28]} Bf4 {[%clk 0:00:50]} 41. Rh7
{[%clk 0:11:35]} Be5 {[%clk 0:00:33]} 42. Rxa7 {[%clk 0:11:42]} g4
{[%clk 0:00:36]} 43. Ke4 {[%clk 0:11:34]} Bb8 {[%clk 0:00:31]} 44. Nf6+
{[%clk 0:11:43]} 1-0